| 000 | 00429nam a2200169Ia 4500 | ||
|---|---|---|---|
| 003 | GCL | ||
| 008 | 140319s9999 xx 000 0 eng d | ||
| 040 |
_aGCL / _cGCL |
||
| 082 | 0 | 4 |
_a625.732 _bX F |
| 100 | 1 | _aXIE, HEPING | |
| 245 | 1 | 0 |
_aFRACTALS IN ROCK MECHANISM / _cXIE, HEPING |
| 260 |
_a[S.N] : _bA.A.BALKEMA,ROTTERDAM ، _c1993 |
||
| 300 | _a453 P | ||
| 650 | 0 | 4 | _aFRACTALS |
| 650 | 0 | 4 | _aROCK MECHANICS |
| 942 |
_2ddc _cBK |
||
| 999 |
_c15892 _d15892 |
||